000 00653nam a2200241 i 4500
001 bg
100 1 _aFIDYK, Marta.
245 1 0 _aNowe repetytorium z języka rosyjskiego /
_cMarta Fidyk, Teresa Sku~'p-Stundis [!].
250 _a[Wyd. 6].
260 _aWarszawa :
_bWydaw. Szkolne PWN,
_c1998.
300 _a310, [2] s. ;
_c24 cm.
504 _aBibliogr. s. 300.
650 9 _aJęzyk rosyjski
655 _aPodręczniki
700 1 _aSKUP-STUNDIS, Teresa.
020 _a8371950330
040 _cBPK
041 0 _aru
_gpl
080 _a811.161.1(07)
920 _a83-7195-033-0
942 _cKS
008 s pl f |000 0 pol
999 _c33556
_d33556